[Event "4NCL 3 South pool C"]
[Site "Reading, ENG"]
[Date "2018.05.07"]
[Round "11.31"]
[White "Fraser-Mitchell, Jeremy N"]
[Black "Brown, Thomas"]
[Result "0-1"]
[WhiteElo "2070"]
[BlackElo "2076"]
[PlyCount "92"]
[EventDate "2018.05.07"]

1. d4 Nf6 2. c4 g6 3. Nc3 Bg7 4. e4 d6 5. f3 O-O 6. Bg5 c5 7. d5 e6 8. Qd2 h6
9. Be3 exd5 10. cxd5 Re8 11. Bd3 Nbd7 12. Nh3 Ne5 13. Nf2 Nxd3+ 14. Nxd3 b5 15.
O-O b4 16. Ne2 a5 17. Rfe1 Ba6 18. Nf2 Bxe2 19. Rxe2 h5 20. Rd1 Qc7 21. h3 Nd7
22. Bh6 Bh8 23. f4 Kh7 24. Bg5 Bd4 25. Qc2 Rac8 26. Kh1 Qb6 27. g4 Bxf2 28.
Rxf2 hxg4 29. hxg4 Kg7 30. Rh2 Rh8 31. Rdd2 c4 32. f5 f6 33. Bf4 g5 34. Bg3 b3
35. axb3 cxb3 36. Qd3 Rc1+ 37. Rd1 Nc5 38. Qd4 Rxd1+ 39. Qxd1 Nxe4 40. Rxh8
Nxg3+ 41. Kg2 Kxh8 42. Kxg3 Qe3+ 43. Kg2 Kg7 44. Kf1 a4 45. Kg2 a3 46. bxa3
Qe4+ 0-1

[Event "4NCL 3 South pool C"]
[Site "Reading, ENG"]
[Date "2018.05.07"]
[Round "11.32"]
[White "Heaven, Pete"]
[Black "Reuben, Stewart"]
[Result "1/2-1/2"]
[WhiteElo "2022"]
[BlackElo "2026"]
[PlyCount "41"]
[EventDate "2018.05.07"]

1. e4 c5 2. Nf3 Nc6 3. d4 cxd4 4. Nxd4 g6 5. Nc3 Bg7 6. Be3 Nf6 7. Bc4 O-O 8.
Bb3 a6 9. f3 Qc7 10. Qd2 b5 11. O-O-O Na5 12. h4 h5 13. g4 Nc4 14. Bxc4 Qxc4
15. Bh6 d6 16. Bxg7 Kxg7 17. g5 Nd7 18. Nb3 Nb6 19. Na5 Qc7 20. Nb3 Qc4 21. Na5
1/2-1/2

[Event "4NCL 3 South pool C"]
[Site "Reading, ENG"]
[Date "2018.05.07"]
[Round "11.33"]
[White "Habershon, Paul F"]
[Black "Hewitt, William"]
[Result "1/2-1/2"]
[WhiteElo "2029"]
[BlackElo "2023"]
[PlyCount "54"]
[EventDate "2018.05.07"]

1. Nf3 Nf6 2. c4 g6 3. Nc3 c5 4. g3 Bg7 5. Bg2 O-O 6. O-O Nc6 7. d3 Rb8 8. Bf4
d6 9. Qd2 Bd7 10. Bh6 a6 11. Bxg7 Kxg7 12. Nh4 b5 13. b3 b4 14. Nd5 e6 15. Ne3
Ng8 16. f4 f5 17. Nf3 Nf6 18. Nc2 e5 19. Ng5 Qe7 20. e4 h6 21. exf5 hxg5 22.
fxg5 Ng8 23. f6+ Nxf6 24. gxf6+ Rxf6 25. Rxf6 Qxf6 26. Rf1 Qe7 27. Be4 Rf8
1/2-1/2

[Event "4NCL 3 South pool C"]
[Site "Reading, ENG"]
[Date "2018.05.07"]
[Round "11.34"]
[White "Young, Alan"]
[Black "Freeman, Richard C P"]
[Result "1/2-1/2"]
[WhiteElo "2023"]
[BlackElo "2007"]
[PlyCount "62"]
[EventDate "2018.05.07"]

1. e4 c5 2. Nf3 g6 3. d4 cxd4 4. Nxd4 Bg7 5. c4 Nc6 6. Be3 Nf6 7. Nc3 O-O 8.
Be2 b6 9. O-O Bb7 10. f3 Qb8 11. Nd5 Nxd5 12. cxd5 Nxd4 13. Bxd4 Bxd4+ 14. Qxd4
Qd6 15. Rac1 Rac8 16. Qe3 Rxc1 17. Rxc1 Rc8 18. Rxc8+ Bxc8 19. Qc3 Bb7 20. b4
e6 21. Bc4 a5 22. a3 axb4 23. axb4 exd5 24. exd5 b5 25. Bb3 Bxd5 26. Bxd5 $11
Qxd5 27. h3 Qd1+ 28. Kh2 d5 29. Qe5 d4 30. Qe8+ Kg7 31. Qe5+ Kg8 1/2-1/2

[Event "4NCL 3 South pool C"]
[Site "Reading, ENG"]
[Date "2018.05.07"]
[Round "11.35"]
[White "Elwin, Adrian G"]
[Black "Ralphs, Nigel"]
[Result "1/2-1/2"]
[WhiteElo "1993"]
[BlackElo "1981"]
[PlyCount "21"]
[EventDate "2018.05.07"]

1. d4 d5 2. c4 c6 3. cxd5 cxd5 4. Bf4 Nc6 5. e3 Nf6 6. Nc3 Bf5 7. Bd3 Bxd3 8.
Qxd3 e6 9. Nf3 Bd6 10. Bxd6 Qxd6 11. O-O 1/2-1/2

[Event "4NCL 3 South pool C"]
[Site "Reading, ENG"]
[Date "2018.05.07"]
[Round "11.36"]
[White "Trevelyan, John"]
[Black "Smith, Graham"]
[Result "1-0"]
[WhiteElo "2006"]
[BlackElo "2030"]
[PlyCount "79"]
[EventDate "2018.05.07"]

1. e4 d6 2. f4 e5 3. Nf3 exf4 4. Bc4 Be6 5. Bxe6 fxe6 6. d4 e5 7. dxe5 Nc6 8.
Bxf4 dxe5 9. Bg5 Qxd1+ 10. Kxd1 h6 11. Be3 O-O-O+ 12. Nbd2 Nf6 13. Kc1 Bd6 $11
14. c3 g5 15. Kc2 Kb8 16. Rhf1 Rhf8 17. Bg1 Ne7 18. Rae1 Ng6 19. Nc4 g4 20.
Nfd2 Be7 21. Ne3 Nh4 22. Nf5 Nxf5 23. exf5 Bd6 24. Bf2 Rd7 25. Bh4 Rdf7 26. Nc4
Nd5 27. Nxe5 Bxe5 28. Rxe5 c6 29. f6 Kc8 30. c4 Nb6 31. b3 Nd7 32. Rh5 Re8 33.
Rf2 Re5 34. Rxh6 Ra5 35. Kb2 Ne5 36. Rd2 b5 37. Rh8+ Kb7 38. Re8 bxc4 39. Re7+
Kb6 40. Bf2+ 1-0